000 01448nam0a22003611 4500
001 RU\NLR\bibl\1260512
005 20260405165636.0
010 _a978-5-9524-3621-3
_94000
021 _aRU
_b2008-47896
_92646
035 _a(NLR Aleph) 001246510
090 _a291973
_c291973
100 _a20080811d2008 |||y0rusy50 ca
101 1 _arus
_ceng
102 _aRU
105 _aa |||||||||
200 1 _aКрасная земля, Черная земля
_dRed land, Black land
_eДревний Египет: легенды и факты
_fБарбара Мертс
_g[пер. с англ. А.И. Коршунова]
_zeng
210 _aМосква
_cЦентрполиграф
_d2008
215 _a455, [2] с., [8] л. ил.
_cил.
_d21
225 1 _aЗагадки Древнего Египта
300 _aАвт. также на англ. яз.: Barbara Mertz
510 0 _6z45790
_aRed land, Black land
_zeng
607 _aЕгипет Древний
_xИстория
_91019734
_3RU\NLR\auth\66389492
686 _aТ3(0)310,02
700 1 _4070
_8rus
_7ca
_aМертц
_bБ.
_f1927-2013
_gБарбара
_3RU\NLR\auth\7771479
_954407
790 1 _4070
_8eng
_7ba
_aMertz
_bB.
_f1927-2013
_gBarbara
_3RU\NLR\auth\7771528
_954456
801 0 _aRU
_bNLR
_c20080811
_gRCR
801 1 _aRU
_bNLR
_c20080811
852 _aNLR
_bОЛСАА-сл-спр
_j3-4797
942 _cBOOK
980 _aNB
980 1 _aSL_SPR